| 000 | 00344 a2200133 4500 | ||
|---|---|---|---|
| 001 | 71043 | ||
| 082 | _a621.56 WHI | ||
| 090 |
_c38742 _d38742 |
||
| 100 | _aWilliam C Whitman | ||
| 245 |
_aRefrigenation and Air Conditions Technology _cWilliam C Whitman |
||
| 260 |
_bDelmar publisher _c1987 |
||
| 300 | _a845.p | ||
| 600 | _aWilliam M Johnson | ||
| 942 |
_acaenust _k620.56 WHI |
||
| 999 |
_c306116 _d306116 |
||